東武東上線の駅 - Statistics

General Stats
  • This quiz has been taken 59 times
  • The average score is 33 of 39
Answer Stats
Hint Answer % Correct
TJ-39 寄居
100%
TJ-01 池袋
98%
TJ-11 和光市
98%
TJ-12 朝霞
98%
TJ-03 下板橋
96%
TJ-07 上板橋
96%
TJ-10 成増
96%
TJ-13 朝霞台
96%
TJ-21 川越
96%
TJ-33 小川町
96%
TJ-05 中板橋
94%
TJ-09 下赤塚
94%
TJ-14 志木
94%
TJ-30 森林公園
94%
TJ-02 北池袋
92%
TJ-06 ときわ台
92%
TJ-22 川越市
92%
TJ-08 東武練馬
90%
TJ-18 ふじみ野
90%
TJ-04 大山
88%
TJ-26 坂戸
88%
TJ-15 柳瀬川
82%
TJ-19 上福岡
82%
TJ-31 つきのわ
82%
TJ-32 武蔵嵐山
82%
TJ-36 男衾
82%
TJ-27 北坂戸
80%
TJ-23 霞ケ関
78%
TJ-29 東松山
78%
TJ-16 みずほ台
73%
TJ-20 新河岸
73%
TJ-24 鶴ヶ島
73%
TJ-34 東武竹沢
73%
TJ-35 みなみ寄居
73%
TJ-25 若葉
71%
TJ-28 高坂
71%
TJ-17 鶴瀬
69%
TJ-38 玉淀
57%
TJ-37 鉢形
53%
No matching quizzes found
Score Distribution
Percent of People with Each Score
Percentile by Number Answered
Your Score History
You have not taken this quiz